<?xml version="1.0" encoding="UTF-8"?>
<record
    xmlns:xsi="http://www.w3.org/2001/XMLSchema-instance"
    xsi:schemaLocation="http://www.loc.gov/MARC21/slim http://www.loc.gov/standards/marcxml/schema/MARC21slim.xsd"
    xmlns="http://www.loc.gov/MARC21/slim">

  <leader>02192cam a2200433 i 4500</leader>
  <datafield tag="999" ind1=" " ind2=" ">
    <subfield code="c">331756</subfield>
    <subfield code="d">331756</subfield>
  </datafield>
  <controlfield tag="001">18255849</controlfield>
  <controlfield tag="003">NUST</controlfield>
  <controlfield tag="005">20171024122330.0</controlfield>
  <controlfield tag="008">140806s2011    ua       b    000 0 ara  </controlfield>
  <datafield tag="010" ind1=" " ind2=" ">
    <subfield code="a">  2014371875</subfield>
  </datafield>
  <datafield tag="020" ind1=" " ind2=" ">
    <subfield code="a">9694160006</subfield>
  </datafield>
  <datafield tag="040" ind1=" " ind2=" ">
    <subfield code="a">DLC</subfield>
    <subfield code="b">eng</subfield>
    <subfield code="e">rda</subfield>
    <subfield code="c">DLC</subfield>
  </datafield>
  <datafield tag="041" ind1="1" ind2=" ">
    <subfield code="a">ara</subfield>
    <subfield code="h">eng</subfield>
  </datafield>
  <datafield tag="042" ind1=" " ind2=" ">
    <subfield code="a">pcc</subfield>
  </datafield>
  <datafield tag="050" ind1="0" ind2="0">
    <subfield code="a">BP161</subfield>
    <subfield code="b">.I7125 2011</subfield>
  </datafield>
  <datafield tag="066" ind1=" " ind2=" ">
    <subfield code="c">(3</subfield>
  </datafield>
  <datafield tag="082" ind1=" " ind2=" ">
    <subfield code="a">297.04</subfield>
    <subfield code="b">IQB</subfield>
  </datafield>
  <datafield tag="100" ind1="1" ind2=" ">
    <subfield code="6">880-01</subfield>
    <subfield code="a">Iqbal, Muhammad,</subfield>
    <subfield code="c">Sir,</subfield>
    <subfield code="d">1877-1938.</subfield>
    <subfield code="9">20</subfield>
  </datafield>
  <datafield tag="245" ind1="1" ind2="0">
    <subfield code="6">880-02</subfield>
    <subfield code="a">Tajd&#x12B;d fikriyat -ie- Isl&#x101;m /</subfield>
    <subfield code="b">Allama Muhammad Iqbal kay angrizee khutbat ka Urdu tarjuma/</subfield>
    <subfield code="c">ta&#x2BC;l&#x12B;f Mu&#x1E25;ammad Iqb&#x101;l ; tarjamat Wahid Ishrat </subfield>
  </datafield>
  <datafield tag="264" ind1=" " ind2="1">
    <subfield code="6">880-03</subfield>
    <subfield code="a">Lahore :</subfield>
    <subfield code="b">Iqbal academy,</subfield>
    <subfield code="c">2007.</subfield>
  </datafield>
  <datafield tag="300" ind1=" " ind2=" ">
    <subfield code="a">290 pages ;</subfield>
    <subfield code="c">25 cm.</subfield>
  </datafield>
  <datafield tag="336" ind1=" " ind2=" ">
    <subfield code="a">text</subfield>
    <subfield code="b">txt</subfield>
    <subfield code="2">rdacontent</subfield>
  </datafield>
  <datafield tag="337" ind1=" " ind2=" ">
    <subfield code="a">unmediated</subfield>
    <subfield code="b">n</subfield>
    <subfield code="2">rdamedia</subfield>
  </datafield>
  <datafield tag="338" ind1=" " ind2=" ">
    <subfield code="a">volume</subfield>
    <subfield code="b">nc</subfield>
    <subfield code="2">rdacarrier</subfield>
  </datafield>
  <datafield tag="504" ind1=" " ind2=" ">
    <subfield code="a">Includes bibliographical references.</subfield>
  </datafield>
  <datafield tag="546" ind1=" " ind2=" ">
    <subfield code="a">In Arabic; translated from English.</subfield>
  </datafield>
  <datafield tag="650" ind1=" " ind2="0">
    <subfield code="a">Islam</subfield>
    <subfield code="y">20th century.</subfield>
    <subfield code="9">5585</subfield>
  </datafield>
  <datafield tag="650" ind1=" " ind2="0">
    <subfield code="a">Philosophy and religion.</subfield>
    <subfield code="9">5586</subfield>
  </datafield>
  <datafield tag="700" ind1="1" ind2=" ">
    <subfield code="a">Vahid Ishrat</subfield>
    <subfield code="9">5587</subfield>
  </datafield>
  <datafield tag="880" ind1="1" ind2=" ">
    <subfield code="6">100-01/(3/r&#x200F;</subfield>
    <subfield code="a">&#x200F;&#x625;&#x642;&#x628;&#x627;&#x644;&#x60C; &#x645;&#x62D;&#x645;&#x62F;.</subfield>
  </datafield>
  <datafield tag="880" ind1="1" ind2="0">
    <subfield code="6">245-02/(3/r&#x200F;</subfield>
    <subfield code="a">&#x62A;&#x62C;&#x62F;&#x6CC;&#x62F; &#x641;&#x6A9;&#x631;&#x6CC;&#x627;&#x62A; &#x627;&#x633;&#x644;&#x627;&#x645;:</subfield>
    <subfield code="b">&#x639;&#x644;&#x627;&#x645;&#x6C1; &#x645;&#x62D;&#x645;&#x62F; &#x627;&#x642;&#x628;&#x627;&#x644; &#x6A9;&#x6D2; &#x627;&#x646;&#x6AF;&#x631;&#x6CC;&#x632;&#x6CC; &#x62E;&#x637;&#x628;&#x627;&#x62A; &#x6A9;&#x627; &#x627;&#x631;&#x62F;&#x648; &#x62A;&#x631;&#x62C;&#x645;&#x6C1;</subfield>
    <subfield code="c">&#x645;&#x62D;&#x645;&#x62F; &#x627;&#x642;&#x628;&#x627;&#x644;: &#x62A;&#x631;&#x62C;&#x645;&#x6C1; &#x648;&#x62D;&#x6CC;&#x62F; &#x639;&#x634;&#x631;&#x62A;: &#x646;&#x638;&#x631; &#x62B;&#x627;&#x646;&#x6CC; &#x639;&#x628;&#x62F; &#x627;&#x644;&#x62E;&#x627;&#x644;&#x642;</subfield>
  </datafield>
  <datafield tag="880" ind1=" " ind2="1">
    <subfield code="6">260-03/(3/r&#x200F;</subfield>
    <subfield code="a">&#x644;&#x627;&#x6C1;&#x648;&#x631;:</subfield>
    <subfield code="b">&#x627;&#x642;&#x628;&#x627;&#x644; &#x627;&#x6A9;&#x6CC;&#x688;&#x6CC;&#x645;&#x6CC; &#x67E;&#x627;&#x6A9;&#x633;&#x62A;&#x627;&#x646;</subfield>
    <subfield code="c">&#x200F;&#x202A;2007</subfield>
  </datafield>
  <datafield tag="906" ind1=" " ind2=" ">
    <subfield code="a">7</subfield>
    <subfield code="b">cbc</subfield>
    <subfield code="c">origres</subfield>
    <subfield code="d">3</subfield>
    <subfield code="e">ncip</subfield>
    <subfield code="f">20</subfield>
    <subfield code="g">y-nonroman</subfield>
  </datafield>
  <datafield tag="942" ind1=" " ind2=" ">
    <subfield code="2">ddc</subfield>
    <subfield code="c">BK</subfield>
  </datafield>
  <datafield tag="952" ind1=" " ind2=" ">
    <subfield code="0">0</subfield>
    <subfield code="1">0</subfield>
    <subfield code="2">ddc</subfield>
    <subfield code="4">0</subfield>
    <subfield code="7">0</subfield>
    <subfield code="8">NFIC</subfield>
    <subfield code="a">CL</subfield>
    <subfield code="b">CL</subfield>
    <subfield code="c">ISL</subfield>
    <subfield code="d">2017-10-24</subfield>
    <subfield code="l">3</subfield>
    <subfield code="m">2</subfield>
    <subfield code="o">297.04 IQB</subfield>
    <subfield code="p">CL2106</subfield>
    <subfield code="r">2025-05-30</subfield>
    <subfield code="s">2024-11-17</subfield>
    <subfield code="t">1</subfield>
    <subfield code="w">2017-10-24</subfield>
    <subfield code="y">BK</subfield>
  </datafield>
</record>
